| 000 | 00802nac a22002171u 4500 | ||
|---|---|---|---|
| 010 | _a003455946 | ||
| 082 |
_a621.381 _bSp23 |
||
| 090 |
_c3053 _d3053 |
||
| 100 | _aSPANGENBERG, Karl Rudo | ||
| 245 |
_aFundamentals of Electron Devices / _bKarl Rudolph. SPANGENBERG. |
||
| 260 |
_a New York: c.1957. _bMcGraw-Hill Book Co, _cc.1957. |
||
| 300 |
_a 505p: _bill; _c25cm. |
||
| 490 | _a( [McGraw-Hill Electrical and Electronic Engineering Series.]) | ||
| 500 | _aDonations . | ||
| 500 | _aDonations - Dr. Mostafa Gouda. | ||
| 504 | _aIncluding Index. | ||
| 650 | _aelectron devices . | ||
| 700 | _aSPANGENBERG, Karl Rudolph. | ||
| 942 |
_cBB _k621.381 Sp23 |
||
| 999 |
_c3053 _d3053 |
||